000 02315cam a2200505 u 4500
005 20160506104110.0
008 010304s2000 ck a r 00010 spa d
040 _ala
_cla
_dCO-BoIAVH
041 0 _aspa
044 _ack
082 0 4 _a333.72
_bP96n
110 2 _aInstituto Nacional de Vías
_c(Colombia)
245 1 0 _aPrograma nacional de cultura vial y tecnologías limpias en la gestión socio-ambiental y predial del sector carretero en Colombia /
_cInstituto Nacional de Vías ; Blanca Hernández Peña ...[y otros23].
260 _aSanta Fe de Bogotá :
_bEl Instituto,
_c2000.
300 _a379 páginas :
_bilustraciones ;
_c24 x 17 centímetros
650 1 6 _aCarreteras
_xAspectos ambientales
_zColombia.
650 2 6 _aControl ambiental
_vProgramas
_zColombia.
650 2 6 _aGestión ambiental
_xComunicación
_vProgramas
_zColombia.
650 2 6 _aProtección ambiental
_vProgramas
_zColombia.
700 1 _aHernández Peña, Blanca.
_eautora
700 1 _aArciniegas, Camilo.
_eautor
700 1 _aMonedero Aranda, Cristina.
_eautora
700 1 _aGuhl Nannetti, Ernesto
_eautor
700 1 _aCabrera Bernal, Fabricio
_eautor
700 1 _aMalaver Soto Gustavo
_eautor
700 1 _aGónzalez Camargo, Hernando
_eautor
700 1 _aSilva López, Jairo
_eautor
700 1 _aBarragán Martínez, Janeth
_eautora
700 1 _aHerrera, Juan David
_eautor
700 1 _aArellano, Juan Manuel
_eautor
700 1 _aSaavedra Salazar, Luis Eduardo
_eautor
700 1 _aPeña Van Strahlen, Luis H.
_eautor
700 1 _aRodríguez de Grueso, María Elena
_eautora
700 1 _aReyes, María Mercedes
_eautora
700 1 _aGalvez, María Fernanda
_eautora
700 1 _aSilva Pulgarín, Mario Esteban
_eautor
700 1 _aLuna Candelo, Nancy
_eautora
700 1 _aCastro Lalinde, Paulina
_eautora
700 1 _aCastro Lalinde, Luz Amanda
_eautora
700 1 _aCastro Rengifo, Ximena
_eautora
700 1 _aCubillos Quintero, Alexander
_eautor
700 1 _aCastaño Uribe, Carlos,
_eautor
_eeditor
700 1 _aLondoño Sánchez, Fabiana,
_eautora
_eeditora
942 _2ddc
_cLIBRO
999 _c5280
_d5280